| 000 | nam a22 7a 4500 | ||
|---|---|---|---|
| 999 |
_c330351 _d330351 |
||
| 003 | NUST | ||
| 005 | 20170621135643.0 | ||
| 008 | 170621b xxu||||| |||| 00| 0 eng d | ||
| 020 | _a9781904722632 | ||
| 040 |
_a0 _c0 |
||
| 082 |
_a916.762044 _bAMI 2017 |
||
| 100 |
_aAmin, Muhammad _93048 |
||
| 245 | 1 |
_aJourney Through Kenya _cMohamed Amin |
|
| 250 | _aRevised | ||
| 260 |
_aKenya _bCamerapix _c2017 |
||
| 942 |
_2ddc _cBK |
||